[Event "Rubinstein Memorial-C 53rd"]
[Site "Polanica Zdroj"]
[Date "2017.08.19"]
[Round "3"]
[White "Wojcik, Grzegorz"]
[Black "Dzieczkaniec, Piotr"]
[Result "0-1"]
[WhiteElo "1522"]
[BlackElo "1856"]
[PlyCount "112"]
[EventDate "2017.08.19"]
[EventType "swiss"]
[EventRounds "9"]
[EventCountry "POL"]
[SourceTitle "CBM 180 Extra"]
[Source "ChessBase"]
[SourceDate "2017.10.06"]
[SourceVersion "1"]
[SourceVersionDate "2017.10.06"]
[SourceQuality "1"]

1. d4 Nf6 2. c4 e6 3. Nc3 d5 4. g3 Bb4 5. a3 Bxc3+ 6. bxc3 0-0 7. Bg2 c5 8. Nf3 Qa5 9. Qc2 cxd4 10. Nxd4 Nc6 11. 0-0 Bd7 12. cxd5 Nxd5 13. Bd2 Rac8 14. Nxc6 Rxc6 15. Qd3 Qc5 16. Rfc1 Qc4 17. Qf3 Rb6 18. Bf1 Rb2 19. e4 Qc7 20. Bg5 f6 21. Bh4 Ne7 22. g4 Ng6 23. Bg3 e5 24. c4 Qc5 25. Qc3 Rb6 26. h3 Rc8 27. Rc2 Ba4 28. Rb2 Rxb2 29. Qxb2 b6 30. Qb4 Bc6 31. Qxc5 bxc5 32. f3 Nf8 33. Bf2 Ne6 34. Be2 Rb8 35. Bd3 Rb3 36. Be2 Nd4 37. Bxd4 exd4 38. Bd1 Rb2 39. h4 Kf7 40. h5 g6 41. hxg6+ hxg6 42. Kf1 Ke6 43. Be2 Ke5 44. Rd1 Ba4 45. Rd3 Rc2 46. f4+ Kxf4 47. Rf3+ Ke5 48. g5 fxg5 49. Rf7 a5 50. Rc7 Kxe4 51. Rxc5 d3 52. Bg4 Kf4 53. Rxa5 Kxg4 54. Rxa4 Rc1+ 55. Kf2 d2 56. c5+ Kf5 0-1

[Event "Rubinstein Memorial 52nd"]
[Site "Polanica Zdroj"]
[Date "2016.08.21"]
[Round "2"]
[White "Dzieczkaniec, Piotr"]
[Black "Gierulski, Kamil"]
[Result "0-1"]
[WhiteElo "1833"]
[BlackElo "2216"]
[PlyCount "92"]
[EventDate "2016.08.20"]
[EventType "swiss"]
[EventRounds "10"]
[EventCountry "POL"]
[SourceTitle "CBM 174 Extra"]
[Source "ChessBase"]
[SourceDate "2016.10.10"]
[SourceVersion "1"]
[SourceVersionDate "2016.10.10"]
[SourceQuality "1"]

1. e4 c5 2. Nf3 d6 3. Bb5+ Nd7 4. 0-0 a6 5. Bxd7+ Bxd7 6. c3 Nf6 7. Re1 e6 8. d4 cxd4 9. cxd4 d5 10. exd5 Nxd5 11. Nc3 Nxc3 12. bxc3 Be7 13. Ne5 0-0 14. Qb3 b5 15. Ba3 Bxa3 16. Qxa3 Re8 17. Re3 Bc8 18. Qb3 Bb7 19. Qd1 f6 20. Nd3 Re7 21. Qg4 Qd6 22. Rae1 Bd5 23. Nb4 Bc4 24. Qe4 Rc8 25. Rh3 g6 26. Ree3 Rg7 27. Rh6 a5 28. Nc2 Bxa2 29. h4 f5 30. Qe5 Qxe5 31. Rxe5 Rb7 32. g4 fxg4 33. Ne3 Kg7 34. Nxg4 Rxc3 35. h5 Rc1+ 36. Kg2 Bd5+ 37. f3 Rbc7 38. Kf2 R7c2+ 39. Ke3 Rg2 40. hxg6 Rc3+ 41. Kf4 Rxg4+ 42. fxg4 Kxh6 43. gxh7 Kxh7 44. Kg5 Kg7 45. Re1 a4 46. Kh5 a3 0-1

[Event "POL-chT3 Dolnoslaskie 1314"]
[Site "Poland"]
[Date "2014.02.02"]
[Round "8.16"]
[White "Dzieczkaniec, Piotr"]
[Black "Walentukiewicz, Michal"]
[Result "0-1"]
[WhiteElo "1915"]
[BlackElo "2102"]
[PlyCount "90"]
[EventDate "2013.10.20"]
[EventType "team-tourn"]
[EventRounds "11"]
[EventCountry "POL"]
[SourceTitle "EXT 2018"]
[Source "ChessBase"]
[SourceDate "2017.10.13"]
[SourceVersion "1"]
[SourceVersionDate "2017.10.13"]
[SourceQuality "1"]
[WhiteTeam "Polanica Zdroj KSz"]
[BlackTeam "Wroclaw MUKS MDK Fabryczna"]
[WhiteTeamCountry "POL"]
[BlackTeamCountry "POL"]

1. e4 g6 2. d4 Bg7 3. Nc3 c5 4. Nf3 cxd4 5. Nxd4 Nc6 6. Be3 Nf6 7. Qd2 0-0 8. 0-0-0 d6 9. f3 Nxd4 10. Bxd4 Be6 11. g4 Qa5 12. a3 Rfc8 13. h4 Rab8 14. Bh3 Rc4 15. g5 Nxe4 16. Nxe4 Qxd2+ 17. Rxd2 Rxd4 18. Bxe6 fxe6 19. Rxd4 Bxd4 20. c3 Be5 21. Kd2 b5 22. Ke3 a5 23. Nf2 b4 24. axb4 axb4 25. cxb4 Rxb4 26. Nd3 Rb3 27. Kd2 Bd4 28. Kc2 Rb5 29. b4 Rf5 30. f4 Kf7 31. Re1 e5 32. fxe5 dxe5 33. Kb3 Ke6 34. Kc4 Kd6 35. b5 Rf8 36. Rd1 Rc8+ 37. Kb4 e4 38. Nb2 Kd5 39. Na4 Ke5 40. b6 e3 41. Kb5 Ke4 42. b7 Rb8 43. Kc6 e2 44. Rh1 Kf3 45. Rh3+ Kg2 0-1

[Event "POL-chT3 Dolnoslaskie 1314"]
[Site "Poland"]
[Date "2014.01.05"]
[Round "6.21"]
[White "Dzieczkaniec, Piotr"]
[Black "Kowalczyk, Pawel"]
[Result "0-1"]
[WhiteElo "1915"]
[BlackElo "2183"]
[PlyCount "148"]
[EventDate "2013.10.20"]
[EventType "team-tourn"]
[EventRounds "11"]
[EventCountry "POL"]
[SourceTitle "EXT 2018"]
[Source "ChessBase"]
[SourceDate "2017.10.13"]
[SourceVersion "1"]
[SourceVersionDate "2017.10.13"]
[SourceQuality "1"]
[WhiteTeam "Polanica Zdroj KSz"]
[BlackTeam "Walbrzych WOK"]
[WhiteTeamCountry "POL"]
[BlackTeamCountry "POL"]

1. e4 c5 2. c3 Nf6 3. e5 Nd5 4. Nf3 e6 5. Be2 Nc6 6. 0-0 d6 7. d4 cxd4 8. cxd4 Be7 9. exd6 Bxd6 10. Nc3 Nce7 11. Bb5+ Bd7 12. Qb3 0-0 13. Bd3 Qb6 14. Qc2 h6 15. Qe2 Rac8 16. Qe4 f5 17. Nxd5 exd5 18. Qh4 Rxc1 19. Raxc1 Ng6 20. Qh5 Nf4 21. Qh4 Nxd3 22. Rc3 Nf4 23. Re3 Qd8 24. Qxd8 Rxd8 25. g3 Ng6 26. h4 f4 27. Rb3 b6 28. h5 Ne7 29. Ne5 Bxe5 30. dxe5 fxg3 31. fxg3 Nc6 32. Re1 Re8 33. Ra3 Kf7 34. Rf3+ Ke6 35. g4 Nxe5 36. Rf4 Kd6 37. Re3 Rc8 38. Rg3 Rc1+ 39. Kf2 Rc2+ 40. Ke3 Rxb2 41. g5 Rxa2 42. gxh6 gxh6 43. Rg7 Ra3+ 44. Kd2 Nc4+ 45. Ke2 Re3+ 46. Kf2 Re6 47. Rf8 d4 48. Rg6 d3 49. Rf4 d2 50. Rd4+ Kc5 51. Rxd7 Re4 52. Rxh6 Rh4 53. Rh8 a5 54. h6 Kb4 55. h7 b5 56. Rhd8 d1Q 57. Rxd1 Rxh7 58. Rb1+ Ka4 59. Rd4 Rh2+ 60. Kf3 Rh3+ 61. Ke4 Rb3 62. Ra1+ Kb4 63. Kd5 a4 64. Rc1 Rb2 65. Rcxc4+ bxc4 66. Rxc4+ Kb3 67. Kc5 a3 68. Rh4 a2 69. Rh3+ Ka4 70. Rh4+ Ka3 71. Rh3+ Rb3 72. Rh1 Rb1 73. Rh3+ Ka4 74. Rh4+ Ka5 0-1

[Event "Polanica Zdroj op-B 49th"]
[Site "Polanica Zdroj"]
[Date "2013.08.??"]
[Round "5"]
[White "Dzieczkaniec, Piotr"]
[Black "Faron, Rafal"]
[Result "1/2-1/2"]
[WhiteElo "1896"]
[BlackElo "2011"]
[PlyCount "112"]
[EventDate "2013.08.17"]
[EventType "swiss"]
[EventRounds "9"]
[EventCountry "POL"]
[SourceTitle "CBM 156 Extra"]
[Source "ChessBase"]
[SourceDate "2013.10.22"]
[SourceVersion "1"]
[SourceVersionDate "2013.10.22"]
[SourceQuality "1"]

1. g3 Nf6 2. Bg2 d5 3. Nf3 g6 4. 0-0 Bg7 5. c4 0-0 6. cxd5 Nxd5 7. Nc3 Nb6 8. h3 Nc6 9. d3 e5 10. Be3 Nd4 11. Rc1 Nxf3+ 12. exf3 c6 13. Qd2 Bf5 14. Rfd1 Qc8 15. g4 Be6 16. Bh6 Rd8 17. Bxg7 Kxg7 18. Qe3 f6 19. g5 Nd5 20. gxf6+ Kxf6 21. Nxd5+ Bxd5 22. f4 Qf5 23. fxe5+ Qxe5 24. Bxd5 Rxd5 25. d4 Qg5+ 26. Kf1 Qxe3 27. fxe3 Re8 28. Rd3 Kg5 29. Rb3 Re7 30. Kg2 Kh4 31. Rf1 Rg5+ 32. Kh2 c5 33. Rf4+ Kh5 34. h4 Rg4 35. Rxg4 Kxg4 36. dxc5 Kxh4 37. Rc3 g5 38. b4 Kg4 39. b5 Kf3 40. c6 bxc6 41. bxc6 Rc7 42. Kh3 g4+ 43. Kh4 g3 44. Kh3 g2 45. Kh2 Kf2 46. Rc2+ Kxe3 47. Rc5 Kd4 48. Ra5 Rg7 49. Kg1 Kc4 50. a3 Kb3 51. Rb5+ Kxa3 52. Rb7 Rg6 53. Rxa7+ Kb4 54. Rb7+ Kc5 55. c7 Rc6 56. Kxg2 Kd5 1/2-1/2

[Event "Polanica Zdroj op-B 49th"]
[Site "Polanica Zdroj"]
[Date "2013.08.??"]
[Round "7"]
[White "Dzieczkaniec, Piotr"]
[Black "Kocwin, Bartosz"]
[Result "0-1"]
[WhiteElo "1896"]
[BlackElo "2237"]
[PlyCount "20"]
[EventDate "2013.08.17"]
[EventType "swiss"]
[EventRounds "9"]
[EventCountry "POL"]
[SourceTitle "CBM 156 Extra"]
[Source "ChessBase"]
[SourceDate "2013.10.22"]
[SourceVersion "1"]
[SourceVersionDate "2013.10.22"]
[SourceQuality "1"]

1. e4 e5 2. Nf3 Nc6 3. Bb5 a6 4. Ba4 Nf6 5. 0-0 b5 6. Bb3 Bd6 7. d4 Bb7 8. Bg5 h6 9. Bh4 g5 10. Bg3 Nxe4 0-1

[Event "Polanica Zdroj op-D 48th"]
[Site "Polanica Zdroj"]
[Date "2012.08.22"]
[Round "5"]
[White "Norov, Artem"]
[Black "Dzieczkaniec, Piotr"]
[Result "1-0"]
[WhiteElo "1626"]
[BlackElo "1944"]
[PlyCount "61"]
[EventDate "2012.08.18"]
[EventType "swiss"]
[EventRounds "9"]
[EventCountry "POL"]
[SourceTitle "EXT 2014"]
[Source "ChessBase"]
[SourceDate "2013.11.20"]
[SourceVersion "1"]
[SourceVersionDate "2013.11.20"]
[SourceQuality "1"]

1. d4 d5 2. Nf3 Nf6 3. c4 dxc4 4. e3 e6 5. Bxc4 Bb4+ 6. Bd2 Be7 7. Nc3 0-0 8. 0-0 Nbd7 9. Qe2 b6 10. Rfd1 Bb7 11. e4 a6 12. a3 b5 13. Bd3 c5 14. dxc5 Nxc5 15. Bc2 Rc8 16. b4 Na4 17. Bxa4 bxa4 18. Rac1 a5 19. e5 Nd5 20. Nxd5 Bxd5 21. Rxc8 Qxc8 22. Rc1 Qb7 23. bxa5 Bxa3 24. Ra1 Qb2 25. Qe1 Bb3 26. Bc3 Qxa1 27. Qxa1 Bc5 28. Nd4 Bxd4 29. Bxd4 Rc8 30. a6 Bd5 31. h3 1-0

[Event "Polanica Zdroj op-A 46th"]
[Site "Polanica Zdroj"]
[Date "2010.08.27"]
[Round "9"]
[White "Dzieczkaniec, Piotr"]
[Black "Gorecki, Janusz"]
[Result "1-0"]
[WhiteElo "1994"]
[BlackElo "1932"]
[PlyCount "55"]
[EventDate "2010.08.19"]
[EventType "swiss"]
[EventRounds "10"]
[EventCountry "POL"]
[SourceTitle "CBM 138 Extra"]
[Source "ChessBase"]
[SourceDate "2010.10.29"]
[SourceVersion "1"]
[SourceVersionDate "2010.10.29"]
[SourceQuality "1"]

1. e4 c5 2. Nf3 d6 3. d4 cxd4 4. Qxd4 a6 5. Bc4 Nc6 6. Qe3 e6 7. Bd2 Nge7 8. Nc3 Ng6 9. 0-0-0 Be7 10. h4 Nge5 11. Nxe5 Nxe5 12. Bb3 Qc7 13. Qg3 Rg8 14. Bg5 f6 15. Bf4 Bd7 16. Bxe5 dxe5 17. Qg4 Kf8 18. Bxe6 Bxe6 19. Qxe6 Qc6 20. Qb3 Bc5 21. f3 g6 22. h5 g5 23. Rd3 Kg7 24. Rhd1 Kh6 25. g4 b5 26. Ne2 a5 27. Ng3 Kg7 28. Rd7+ 1-0

[Event "Polanica Zdroj op-A 46th"]
[Site "Polanica Zdroj"]
[Date "2010.08.24"]
[Round "6"]
[White "Szmyd, Marek"]
[Black "Dzieczkaniec, Piotr"]
[Result "0-1"]
[WhiteElo "2171"]
[BlackElo "1994"]
[PlyCount "62"]
[EventDate "2010.08.19"]
[EventType "swiss"]
[EventRounds "10"]
[EventCountry "POL"]
[SourceTitle "CBM 138 Extra"]
[Source "ChessBase"]
[SourceDate "2010.10.29"]
[SourceVersion "1"]
[SourceVersionDate "2010.10.29"]
[SourceQuality "1"]

1. e4 c5 2. Nf3 d6 3. d4 cxd4 4. Nxd4 Nf6 5. Nc3 a6 6. Bg5 e6 7. f4 Be7 8. Qf3 h6 9. Bh4 g5 10. fxg5 Nfd7 11. Be2 hxg5 12. Bg3 Ne5 13. Qf2 Rh7 14. 0-0-0 Bd7 15. Rhf1 g4 16. Kb1 Qc7 17. Qf4 Nbc6 18. Nxc6 Bxc6 19. Bxg4 b5 20. Bf3 b4 21. Ne2 Bb5 22. Rf2 Nc4 23. Nd4 Bd7 24. e5 d5 25. Bh5 0-0-0 26. Bxf7 Qb6 27. Rf3 Rf8 28. Qg4 Rhxf7 29. Rxf7 Rxf7 30. Qg6 Qxd4 31. Qg8+ Kb7 0-1

[Event "Polanica Zdroj op-A 46th"]
[Site "Polanica Zdroj"]
[Date "2010.08.19"]
[Round "1"]
[White "Dzieczkaniec, Piotr"]
[Black "Furman, Boris"]
[Result "0-1"]
[WhiteElo "1994"]
[BlackElo "2237"]
[PlyCount "117"]
[EventDate "2010.08.19"]
[EventType "swiss"]
[EventRounds "10"]
[EventCountry "POL"]
[SourceTitle "CBM 138 Extra"]
[Source "ChessBase"]
[SourceDate "2010.10.29"]
[SourceVersion "1"]
[SourceVersionDate "2010.10.29"]
[SourceQuality "1"]

1. e4 c5 2. Na3 Nc6 3. c3 Nf6 4. d3 d5 5. exd5 Nxd5 6. Nf3 g6 7. Be2 Bg7 8. 0-0 0-0 9. Bg5 h6 10. Bh4 Nf4 11. Bg3 Nxe2+ 12. Qxe2 b6 13. Rad1 Bb7 14. Nc4 Qd5 15. a4 Rad8 16. Rfe1 Rd7 17. Nce5 Nxe5 18. Bxe5 f6 19. Bg3 e5 20. c4 Qc6 21. b3 Rfd8 22. Qf1 Qe6 23. Qe2 Qg4 24. h3 Bxf3 25. Qe3 Qf5 26. Qxf3 Qxf3 27. gxf3 Rxd3 28. Rxd3 Rxd3 29. Re3 Rd1+ 30. Kg2 g5 31. Re2 Rb1 32. Re3 Kf7 33. h4 Kg6 34. hxg5 hxg5 35. Rd3 Bh6 36. Bh2 Kf5 37. Bg3 Ke6 38. Bh2 f5 39. Rd8 Bg7 40. Rd3 f4 41. Bg1 Bf6 42. Bh2 Kf5 43. Bg1 e4 44. Rd5+ Be5 45. fxe4+ Kxe4 46. f3+ Kf5 47. Rd3 g4 48. Bf2 g3 49. Bg1 a5 50. Rd8 Rxb3 51. Rf8+ Ke6 52. Re8+ Kd6 53. Rd8+ Ke7 54. Rd5 Ke6 55. Rd1 Rb4 56. Kh3 Rxc4 57. Rd8 Rxa4 58. Re8+ Kd5 59. Kg4 0-1

[Event "Polanica Zdroj op-B 45th"]
[Site "Polanica Zdroj"]
[Date "2009.08.26"]
[Round "9"]
[White "Dzieczkaniec, Piotr"]
[Black "Malec, Robert"]
[Result "0-1"]
[WhiteElo "2031"]
[BlackElo "1810"]
[PlyCount "60"]
[EventDate "2009.08.18"]
[EventType "swiss"]
[EventRounds "10"]
[EventCountry "POL"]
[SourceTitle "CBM 131 Extra"]
[Source "ChessBase"]
[SourceDate "2009.09.03"]
[SourceVersion "2"]
[SourceVersionDate "2009.09.16"]
[SourceQuality "1"]

1. e4 c5 2. f4 Nc6 3. Nf3 g6 4. Bc4 Bg7 5. 0-0 e6 6. Nc3 a6 7. a4 Nge7 8. e5 d5 9. exd6 Nf5 10. d7+ Bxd7 11. g4 Nfd4 12. Ne4 0-0 13. c3 Nxf3+ 14. Qxf3 Na5 15. Ba2 Bc6 16. Qe3 c4 17. Ng5 Bxa4 18. Bb1 Bc6 19. h4 h6 20. Nxe6 Qxh4 21. Rxa5 Qxg4+ 22. Kf2 fxe6 23. d4 cxd3 24. Ke1 e5 25. Rg1 Qh4+ 26. Kd1 exf4 27. Qe6+ Kh8 28. Qxg6 Bf3+ 29. Kd2 Qf2+ 30. Kxd3 Qe2# 0-1

[Event "Polanica Zdroj op-B 45th"]
[Site "Polanica Zdroj"]
[Date "2009.08.25"]
[Round "8"]
[White "Jarus, Grzegorz"]
[Black "Dzieczkaniec, Piotr"]
[Result "0-1"]
[WhiteElo "1860"]
[BlackElo "2031"]
[PlyCount "120"]
[EventDate "2009.08.18"]
[EventType "swiss"]
[EventRounds "10"]
[EventCountry "POL"]
[SourceTitle "CBM 131 Extra"]
[Source "ChessBase"]
[SourceDate "2009.09.03"]
[SourceVersion "2"]
[SourceVersionDate "2009.09.16"]
[SourceQuality "1"]

1. d4 d5 2. Nf3 Nf6 3. c4 dxc4 4. Nc3 a6 5. a4 Nc6 6. e3 Na5 7. Ne5 e6 8. Nxc4 c5 9. Be2 cxd4 10. exd4 Bb4 11. 0-0 Nc6 12. Be3 0-0 13. Qb3 Nd5 14. Nxd5 exd5 15. Ne5 Bd6 16. Nf3 Bg4 17. h3 Bf5 18. Bd3 Na5 19. Qd1 Qd7 20. Bxf5 Qxf5 21. Rc1 Nc4 22. Qc2 Nxe3 23. fxe3 Qe6 24. Qd3 Rfe8 25. Ng5 Qxe3+ 26. Qxe3 Rxe3 27. Nxf7 Bg3 28. Ne5 Rf8 29. Rxf8+ Kxf8 30. Nf3 Rb3 31. Rb1 Ke7 32. Kf1 Kf6 33. Ke2 Bd6 34. Kd2 Bb4+ 35. Kc2 Re3 36. Rf1 Kf5 37. g3 Ke4 38. Ne5 Kxd4 39. Rf4+ Kxe5 40. Rxb4 b5 41. axb5 axb5 42. Rg4 g6 43. Rh4 Rxg3 44. Rxh7 Kd6 45. h4 Kc5 46. Rg7 Rg4 47. Rh7 Kc4 48. b3+ Kd4 49. h5 Rg2+ 50. Kb1 Kc3 51. Rc7+ Kxb3 52. h6 Rh2 53. h7 b4 54. Kc1 d4 55. Rd7 g5 56. Rxd4 Rxh7 57. Rd3+ Kc4 58. Rg3 Rg7 59. Kc2 g4 60. Kb2 Kd4 0-1

[Event "Polanica Zdroj op-B 45th"]
[Site "Polanica Zdroj"]
[Date "2009.08.22"]
[Round "5"]
[White "Dzieczkaniec, Piotr"]
[Black "Lach, Piotr"]
[Result "0-1"]
[WhiteElo "2031"]
[BlackElo "2148"]
[PlyCount "49"]
[EventDate "2009.08.18"]
[EventType "swiss"]
[EventRounds "10"]
[EventCountry "POL"]
[SourceTitle "CBM 131 Extra"]
[Source "ChessBase"]
[SourceDate "2009.09.03"]
[SourceVersion "2"]
[SourceVersionDate "2009.09.16"]
[SourceQuality "1"]

1. Nc3 c5 2. g3 Nc6 3. Bg2 g6 4. Nf3 Bg7 5. 0-0 d5 6. e4 d4 7. Nb1 Nf6 8. d3 0-0 9. Nbd2 e5 10. Nc4 Re8 11. a4 b6 12. h3 Qc7 13. Nh4 Nd7 14. Bg5 f6 15. Bd2 a6 16. Bf3 Rb8 17. g4 b5 18. axb5 axb5 19. Na5 Nxa5 20. Bxa5 Qc6 21. Bd2 c4 22. g5 Nc5 23. Be2 Bxh3 24. Re1 Nxe4 25. f4 0-1

[Event "Polanica Zdroj op-B 43rd"]
[Site "Polanica Zdroj"]
[Date "2007.08.22"]
[Round "6"]
[White "Kumor, Lukasz"]
[Black "Dzieczkaniec, Piotr"]
[Result "1/2-1/2"]
[WhiteElo "2089"]
[BlackElo "2008"]
[PlyCount "56"]
[EventDate "2007.08.17"]
[EventType "swiss"]
[EventRounds "10"]
[EventCountry "POL"]
[SourceTitle "CBM 120 Extra"]
[Source "ChessBase"]
[SourceDate "2007.11.01"]
[SourceVersion "1"]
[SourceVersionDate "2007.11.01"]
[SourceQuality "1"]

1. e4 e6 2. d4 c5 3. c3 cxd4 4. cxd4 d5 5. Nc3 dxe4 6. Nxe4 Nf6 7. Nc3 Nc6 8. Nf3 Bb4 9. Bg5 Qa5 10. Bd2 Qd8 11. Bb5 Bd7 12. 0-0 0-0 13. Re1 a6 14. Bc4 b5 15. Bb3 Na5 16. Ne5 Nxb3 17. Qxb3 Bxc3 18. bxc3 Nd5 19. Nd3 Bc6 20. Qd1 Nf6 21. Re5 Ne4 22. Be1 Bd5 23. Qg4 f6 24. Rh5 f5 25. Qe2 g6 26. Rh3 Rc8 27. Nf4 Qd6 28. Qe3 Ng5 1/2-1/2

[Event "Polanica Zdroj op-B 43rd"]
[Site "Polanica Zdroj"]
[Date "2007.08.18"]
[Round "2"]
[White "Szydelko, Marcin"]
[Black "Dzieczkaniec, Piotr"]
[Result "0-1"]
[WhiteElo "1821"]
[BlackElo "2008"]
[PlyCount "182"]
[EventDate "2007.08.17"]
[EventType "swiss"]
[EventRounds "10"]
[EventCountry "POL"]
[SourceTitle "CBM 120 Extra"]
[Source "ChessBase"]
[SourceDate "2007.11.01"]
[SourceVersion "1"]
[SourceVersionDate "2007.11.01"]
[SourceQuality "1"]

1. e4 c5 2. Nc3 e6 3. g3 d5 4. exd5 exd5 5. Bg2 Nf6 6. d3 Be7 7. Nge2 0-0 8. 0-0 Nc6 9. Nf4 d4 10. Ne4 Bf5 11. Nxf6+ Bxf6 12. b3 Rb8 13. Ba3 Qa5 14. Bb2 Ne5 15. Nd5 Bd8 16. Re1 Ng6 17. h4 Be6 18. h5 Ne7 19. Nf4 Bd7 20. Re5 Qc7 21. Qe2 Nf5 22. Nd5 Qd6 23. Qe4 Nh6 24. Re1 Bc6 25. Ba3 Bf6 26. Bxc5 Qxe5 27. Qxe5 Bxe5 28. Rxe5 Rbe8 29. Ne7+ Kh8 30. Nxc6 bxc6 31. Rxe8 Rxe8 32. Kf1 Nf5 33. Be4 Ne7 34. Bxd4 f5 35. Bf3 a6 36. h6 Rd8 37. Bxg7+ Kg8 38. g4 fxg4 39. Bxg4 Kf7 40. Bh5+ Ke6 41. Bg4+ Kf7 42. d4 Rd5 43. c4 Rg5 44. f3 Nf5 45. Bxf5 Rxf5 46. Ke2 Rh5 47. a4 Rh2+ 48. Kd3 Rf2 49. b4 Rxf3+ 50. Ke4 Rc3 51. c5 Rb3 52. b5 axb5 53. axb5 Rxb5 54. Ke5 Ke7 55. Bf6+ Kd7 56. Bg7 Rb1 57. Kf6 Rf1+ 58. Ke5 Ke7 59. Ke4 Ke6 60. Be5 Rh1 61. Bg7 Rh4+ 62. Ke3 Kd5 63. Kf3 Ke6 64. Kg3 Re4 65. Kf3 Kf5 66. Bh8 Rf4+ 67. Ke3 Rh4 68. Bg7 Rh3+ 69. Kd2 Ke4 70. Kc2 Rd3 71. Kb2 Rxd4 72. Kb3 Rd1 73. Kb4 Kd5 74. Bf8 Rf1 75. Be7 Rf7 76. Bg5 Rb7+ 77. Kc3 Kxc5 78. Kd3 Kd5 79. Ke3 Rf7 80. Kd3 Rf3+ 81. Kc2 Kc4 82. Bc1 Rc3+ 83. Kb1 Rxc1+ 84. Kxc1 Kd3 85. Kd1 c5 86. Kc1 Kc3 87. Kd1 Kb2 88. Ke2 c4 89. Ke3 c3 90. Ke4 c2 91. Kf5 c1Q 0-1

[Event "Polanica Zdroj op-B 41st"]
[Site "Polanica Zdroj"]
[Date "2005.08.28"]
[Round "10"]
[White "Dzieczkaniec, Piotr"]
[Black "Gorecki, Janusz"]
[Result "1-0"]
[WhiteElo "2015"]
[BlackElo "1924"]
[PlyCount "99"]
[EventDate "2005.08.19"]
[EventType "swiss"]
[EventRounds "10"]
[EventCountry "POL"]
[SourceTitle "CBM 108 Extra"]
[Source "ChessBase"]
[SourceDate "2005.11.04"]
[SourceVersion "1"]
[SourceVersionDate "2005.11.04"]
[SourceQuality "1"]

1. g3 d5 2. Bg2 Nf6 3. Nf3 c6 4. 0-0 Bg4 5. Ne5 Bf5 6. b3 Qc8 7. Bb2 Bh3 8. d3 Bxg2 9. Kxg2 e6 10. Nd2 Nbd7 11. e4 dxe4 12. dxe4 Qc7 13. Nxd7 Nxd7 14. Qf3 h5 15. Rfe1 f6 16. Rad1 0-0-0 17. e5 f5 18. Qe3 Bc5 19. Qf4 Nb6 20. a3 Be7 21. h4 Rhg8 22. Nc4 Nd5 23. Qf3 g6 24. Nd6+ Kb8 25. c4 Nb6 26. b4 Rgf8 27. Bc1 Rd7 28. a4 Nc8 29. c5 Bd8 30. Bf4 Ne7 31. b5 Nd5 32. Bh6 Rg8 33. Rb1 g5 34. hxg5 Bxg5 35. Bxg5 Rxg5 36. Ne8 Qc8 37. Nf6 Rd8 38. Rh1 Qc7 39. bxc6 Qxc6 40. Nxd5 Rxd5 41. Rhd1 Kc7 42. Rxd5 Qxd5 43. Qxd5 exd5 44. Kf3 Rg4 45. Rh1 Rxa4 46. Rxh5 Kc6 47. Rxf5 Kxc5 48. g4 Ra6 49. g5 d4 50. Rf6 1-0

[Event "Polanica Zdroj op-B 41st"]
[Site "Polanica Zdroj"]
[Date "2005.08.27"]
[Round "9"]
[White "Kozicz, Andrzej"]
[Black "Dzieczkaniec, Piotr"]
[Result "1-0"]
[WhiteElo "2038"]
[BlackElo "2015"]
[PlyCount "89"]
[EventDate "2005.08.19"]
[EventType "swiss"]
[EventRounds "10"]
[EventCountry "POL"]
[SourceTitle "CBM 108 Extra"]
[Source "ChessBase"]
[SourceDate "2005.11.04"]
[SourceVersion "1"]
[SourceVersionDate "2005.11.04"]
[SourceQuality "1"]

1. e4 c5 2. Nf3 Nc6 3. d4 cxd4 4. Nxd4 Nf6 5. Nc3 e5 6. Ndb5 d6 7. Nd5 Nxd5 8. exd5 Nb8 9. c4 a6 10. Nc3 g6 11. Bd3 Bg7 12. 0-0 0-0 13. f4 f5 14. Be3 Nd7 15. Qd2 e4 16. Be2 Rf7 17. b4 b5 18. Rac1 a5 19. a3 axb4 20. axb4 Nf8 21. Nxb5 Ba6 22. Nd4 Bb7 23. Rc2 h6 24. h3 Bf6 25. Kh2 Bc8 26. Nc6 Qc7 27. g3 Rg7 28. Rg1 g5 29. Bf1 gxf4 30. gxf4 Ng6 31. Qf2 Nh4 32. Be2 Bb7 33. Bb6 Qd7 34. b5 Ng6 35. Bd4 Qf7 36. Bh5 Ra3 37. Bxg6 Rxg6 38. Bxf6 Qxf6 39. Qb6 Rf3 40. Qd8+ Qxd8 41. Nxd8 e3 42. Nxb7 Rf2+ 43. Rxf2 exf2 44. Rf1 Rg7 45. Nxd6 1-0